| 000 | 00323nam a22001217a 4500 | ||
|---|---|---|---|
| 008 | 160426b xxu||||| |||| 00| 0 eng d | ||
| 020 | _a9780805335231 | ||
| 020 | _a08053035234 | ||
| 041 | _aeng | ||
| 080 | _a618.2 | ||
| 245 |
_aProfessional nursing practice: _cBarbara Kozier; Glenora Erb; Kathleen Blais; |
||
| 942 |
_2udc _cBK |
||
| 999 |
_c1599 _d1599 |
||